000 02523nam a22003257a 4500
003 OSt
005 20260325094719.0
008 260324t1992 xxu||||| |||| 00| 0 spa d
020 _a8433815776
040 _aUnicoc
_bspa
_c00001
_d00001
082 _a150.1943
100 _912375
_aRoales, Jesús Gil
245 _aVigencia de la obra de Skinner
250 _a1 Ed.
260 _aEspaña :
_bUniversidad de Granada ,
_c1992
300 _a373 páginas
500 _aIncluye Referencias Bibliográficas de las publicaciones de Skinner. -- Incluye Nota Bibliográfica sobre Burrhus Frederic Skinner.
505 _tDimensión teórica de la obra de Skinner. --
_tConductismo radical versus conductismo metodológico. -- Caja negra, cámara oscura y caja de Skinner. -- Skinner y la psicología: lo que hizo, lo que no hizo y lo q nos corresponde hacer. -- La analogía evolucionista en el pensamiento de B.F. Skinner. -- Olvido, memoria y Skinner. -- Control y contracontrol de B.F. Skinner. -- Implicaciones actuales de algunos fenómenos que nunca fueron "tabú" para Skinner. --
_tDimensión aplicada de la obra de Skinner. --
_tSkinner y el surgimiento de la modificación de la conducta. -- Skinner: bases para una nueva evaluación psicológica. -- Skinner y la psicopatología. Aportes críticos. -- Repercusiones de la obra de Skinner a la psicopatología y la medicina conductual. -- Aportaciones de Skinner a la intervención psicológica en la vejez. -- Aplicaciones de la obra de Skinner de algunos problemas del mundo hoy. --
_tDimensiones social y utópica en la obra de Skinner. --
_tSkinner del rigorismo metodológico a la eclosión imaginativa. -- Skinner y la utopía social. -- Walden dos y Walden tres: utopías psicológicas y planeación del futuro. -- Dime quien te ataca y te diré quien eres. --
_tImplicaciones clínicas de algunos conceptos del conductismo radical de Skinner.
526 _5Unicoc
546 _aEspañol
650 0 _97815
_aConductismo (Psicología)
650 0 _9453
_aPsicología
_vCrítica e interpretación
650 0 _99335
_aConducta (Psicología)
650 0 _97800
_aPsicología clínica
658 0 _910741
_aPrograma de Psicología
700 _912763
_aLuciano Soriano, María del Carmen
700 _912764
_aPérez Álvarez, Marino
856 _uhttps://unicoceduco-my.sharepoint.com/:b:/g/personal/direccionbiblioteca_unicoc_edu_co/IQDGQfXZKn_LRokGAz9RhO9sAU2d5doyWadMdkFgPVSj3Dw
_yAcceso online exclusivo para comunidad Unicoc.
942 _2ddc
_cEBOOK
999 _c10770
_d10770